000 04424nam a2200469Ia 4500
001 bslw07613092
003 UtOrBLW
005 20210303085214.0
006 m d
007 cr un|||||||||
008 110627s2011 enka o 100 0 eng d
020 _a9780857247445 (electronic bk.) :
_c£77.95 ; €113.95 ; $144.95
040 _aUtOrBLW
_cUtOrBLW
050 4 _aHQ1155
_b.A53 2011
072 7 _aJFSJ
_2bicssc
072 7 _aJHB
_2bicssc
072 7 _aSOC032000
_2bisacsh
072 7 _aSOC010000
_2bisacsh
072 7 _aSOC000000
_2bisacsh
080 _a305
082 0 4 _a305.42
_222
245 0 0 _aAnalyzing gender, intersectionality, and multiple inequalities
_h[electronic resource] :
_bglobal, transnational and local contexts /
_cedited by Esther Ngan-Ling Chow, Marcia Texler Segal, Lin Tan.
260 _aBingley, U.K. :
_bEmerald,
_c2011.
300 _a1 online resource (x, 310 p.) :
_bill.
490 1 _aAdvances in gender research,
_x1529-2126 ;
_vv. 15
505 0 _aAnalyzing gender, intersectionality, and inequality in global, transnational and local contexts / Marcia Texler Segal, Esther Ngan-ling Chow -- Globalization and multiple inequalities / Sylvia Walby -- Strategies of feminist research in a globalized world / Judith Lorber -- Masculinity research and global society / Raewyn Connell -- A theoretical view of the globalizing sex industry : world system position, local patriarchy, and state policy in South Korea / Kyoung-Ho Shin -- Globalization and locality : the gendered impact of the economic crisis on intersectionality, migration, and work in China / Esther Ngan-ling Chow, Yuchun Zou -- Gender, division of labor, and social mobility in small-scale restaurants in China / Tong Xin -- Gender and labor within the Turkish context of local development in the era of globalization / Dilek Hattatoglu -- Constructing gender across borders : a transnational approach / Peggy Levitt -- Transnational migration and transformation among African women in the United States : change-agents locally and globally / Mary Johnson Osirim -- An intersectional approach to the complexity of social support within German-Ukrainian transnational space / Anna Amelina -- Social security and aged widows in conflict situations : social transformation at the international border in northwest India / Abha Chauhan -- Diversity, activism, and global concerns in the U.S. peace movement / Laura Toussaint -- Women's absence in peace-building policies : the case of the feminist organizations in Israel / Rachel Amram.
520 _aThe papers in this volume were selected and revised from among those presented at the conference: Gender and Social Transformation: Global, Transnational, and Local Realities and Perspectives, Beijing, China in 2009. Through case studies and interview data from across the globe we see how intersectionality and inequality are contextualized shaping womens agencies, gender relations, identity, the politics of belonging, power structures, institutional arrangements, and empowerment (self and/or collective) in local communities and cultures influenced by transnational and global networks and processes. Those who experience inequality, the politics of exclusion and social injustice by virtue of gender, ethnicity and/or class and other differences are the most vulnerable in the face of new adversities, including those that occur in response to globalization. Broader theoretical and methodological contexts for these nation- and region-specific studies are provided in essays by leading gender theorists. Divisions of labor, migration, war and peace-building are among the specific topics addressed in papers from China, India, Israel, Korea, Northern Ireland, Turkey, and the United States.
588 0 _aPrint version record
650 7 _aSocial Science
_xGender Studies.
_2bisacsh
650 7 _aSocial Science
_xFeminism & Feminist Theory.
_2bisacsh
650 7 _aSocial Science
_xGeneral.
_2bisacsh
650 7 _aGender studies, gender groups.
_2bicssc
650 7 _aSociology.
_2bicssc
650 0 _aSex discrimination
_vCongresses.
700 1 _aChow, Esther Ngan-ling,
_d1943-
700 1 _aSegal, Marcia Texler,
_d1940-
700 1 _aTan, Lin.
776 1 _z9780857247438
830 0 _aAdvances in gender research ;
_vv. 15.
856 4 0 _uhttps://www.emerald.com/insight/publication/doi/10.1108/S1529-2126(2011)15
913 _1June2011
999 _c31171
_d31171